Mixtures & Compounds / (Record no. 5104)

MARC details
000 -LEADER
fixed length control field 00955nam a22002417a 4500
001 - CONTROL NUMBER
control field 5104
003 - CONTROL NUMBER IDENTIFIER
control field FISKH
005 - DATE AND TIME OF LATEST TRANSACTION
control field 20241119113024.0
008 - FIXED-LENGTH DATA ELEMENTS--GENERAL INFORMATION
fixed length control field 241106b cb ||||| |||| 00| 0 eng d
020 ## - INTERNATIONAL STANDARD BOOK NUMBER
International Standard Book Number 9780545130400
040 ## - CATALOGING SOURCE
Original cataloging agency FISKH
Language of cataloging eng
Transcribing agency FISKH
Modifying agency FISKH
082 ## - DEWEY DECIMAL CLASSIFICATION NUMBER
Classification number 540
100 ## - MAIN ENTRY--PERSONAL NAME
Personal name Smith, Alastair
245 ## - TITLE STATEMENT
Title Mixtures & Compounds /
Statement of responsibility, etc. by Alastair Smith
250 ## - EDITION STATEMENT
Edition statement First Scholastic printing , October 2008
260 ## - PUBLICATION, DISTRIBUTION, ETC.
Place of publication, distribution, etc. New York :
Name of publisher, distributor, etc. Scholatic ;
Date of publication, distribution, etc. 2006 .
300 ## - PHYSICAL DESCRIPTION
Extent 64 pages :
Other physical details color illustrations ;
Dimensions 28 cm .
490 ## - SERIES STATEMENT
Series statement Usborne Library of Science
520 ## - SUMMARY, ETC.
Summary, etc. A guide to the science behind familiar substances, like plastics and paint. It covers the latest kinds of compounds, such as ultra-strong fibres used in spacesuits. Also included are activities, facts and figures, a glossary, revision questions, and links to over 100 relevant Web sites.
650 ## - SUBJECT ADDED ENTRY--TOPICAL TERM
Topical term or geographic name entry element chemistry
Form subdivision non-fiction
942 ## - ADDED ENTRY ELEMENTS (KOHA)
Source of classification or shelving scheme Dewey Decimal Classification
Koha item type Books
Suppress in OPAC No
Holdings
Withdrawn status Lost status Source of classification or shelving scheme Damaged status Not for loan Collection Home library Current library Shelving location Date acquired Total Checkouts Full call number Barcode Date last seen Copy number Price effective from Koha item type
    Dewey Decimal Classification     Non-Fiction Footprints International School Library Network Toul Kork Campus Footprints International School Library Network Toul Kork Campus TTP Secondary Non-Fiction Bookshelves 11/06/2024   SMI 540 FISSE01029 11/06/2024 1 11/06/2024 Books
    Dewey Decimal Classification     Non-Fiction Footprints International School Library Network Toul Kork Campus Footprints International School Library Network Toul Kork Campus TTP Secondary Non-Fiction Bookshelves 11/06/2024   SMI 540 FIS04593 11/19/2024 2 11/06/2024 Books